La lengua de cristóbal colón; el estilo de santa teresa y otros estudios sobre el siglo xvi /

Guardado en:
Autor Principal: Menéndez Pidal, Ramón
Formato: Libro
Publicado: Buenos Aires : Espasa Calpe, 1947
Edición:3a. ed.
Materias:
Etiquetas: Agregar Etiqueta
Sin Etiquetas, Sea el primero en etiquetar este registro!
LEADER 00864nam a22002175a 4500
001 CEM.cems004306
005 20060216000000.0
008 130507s1947##################000#0#####d
003 CEMS
082 0 4 |a 460.4 
100 1 |a Menéndez Pidal, Ramón 
245 1 0 |a La lengua de cristóbal colón; el estilo de santa teresa y otros estudios sobre el siglo xvi / 
250 |a 3a. ed. 
260 |a Buenos Aires :  |b Espasa Calpe,  |c 1947 
300 |a 150 p. 
505 0 |a Las clases de palabras en espa¤ol, como clases funciónales; El pronombre y su inclusion en un sistema de categorias semanticas; La frase verbal pasiva en el sistema espa¤ol; La llamada "pasiva con se" en el sistema espa¤ol 
653 |a Español 
653 |a Español-historia 
653 |a Español-origen 
653 |a Linguistica 
859 |a CEMS  |b BIB. CEMS - 11 de abril  |h 460.4  |i M524a3  |p 14841.87  |t Ej.1